000 00348nam a2200145Ia 4500
008 221007s9999 xx 000 0 und d
041 _aeng
082 _bPAT
100 _aPatange D( 2k61103)
_9102124
245 _aOn Organizational Climate
260 _c2008
_bPune University
_aPune
300 _a57p
520 _aKasande P
906 _bGeneral
999 _c69282
_d69282